000
00303nam a22001337a 4500
008
170929b xxu||||| |||| 00| 0 eng d
020
_a
9780764142352
041
_a
eng
080
_2
10TH
_a
37
100
_a
47
101
_a
EDU
245
_a
MAT MILLER ANALOGIES TEST
_c
STERNBERG,R.J
942
_2
udc
_c
BK
999
_c
30727
_d
30727